take the hints Map Quiz - u.s. states - Statistics

General Stats
  • This quiz has been taken 15 times
  • The average score is 12 of 50
Answers on the Map
Answers color-coded by a green-red scale on the quiz's map according to % correct below.
 
Answer Stats
Answer % Correct
has as vegas
75%
1st state
63%
known for its peaches(?)
63%
only one word u.s. state with an X
63%
a very large thing to keep the doctors away
50%
borders canada and south dakota
50%
has been serving fried chicken since 1964
50%
it has chicago
50%
north of south caolina
50%
south of north carolina
50%
the only state to border Minnesota and michigan
50%
a boot
38%
blue rich mountains, shining golden rivers (lyrics)
38%
eleven letters + a river
38%
George, the president
38%
only two word u.s. state with an X
38%
potato farmers here!!1!
38%
russian
38%
the ONLY New England state that starts with V
38%
an iced tea brand
25%
has nothing cool except it borders kansas and wyoming
25%
not massive shoe sits, but it sounds like it
25%
bfdi started here
13%
borders north dakota
13%
is a merry land
13%
Jones
13%
kissing your sister is legal
13%
our kansas
13%
penguins in the team name
13%
smallest state. ever.
13%
somewhere over the rainbow and in the grat plains
13%
the "great" state with "lakes"
13%
the pan in the chef
13%
unscramble: oooydwllh
13%
used to be a monarchy
13%
you do not connect, I cut!
13%
a big face for this state
0%
goofy ahh
0%
gravity falls takes place here:
0%
has a face, as well
0%
having this character syndrome is bad
0%
monopoly was inspired by a city here:
0%
not a chad
0%
opposite of big soda
0%
red, blue, yellow- ado
0%
state with the least water border (that has it)
0%
took a corner
0%
under "a big face for this state"
0%
wow, what a panhandla!
0%
Wyoming took a cornner
0%
No matching quizzes found
Score Distribution
Percent of People with Each Score
Percentile by Number Answered
Your Score History
You have not taken this quiz